LEADER 00695nam0 2200241 450 001 000006652 005 20060316123909.0 010 $a88-14-09685-6 100 $a20060316d--------km-y0itay50------ba 101 0 $aita 102 $aIT 105 $ay-------001yy 200 1 $aLineamenti del processo civile di cognizione$fGiuseppe Tarzia 205 $a2. ed 210 $aMilano$cGiuffrè$d2002 215 $aXIV, 408 p.$d24 cm 676 $a347.45072$v20 700 1$aTarzia,$bGiuseppe$0229403 801 0$aIT$bUNIPARTHENOPE$c20060316$gRICA$2UNIMARC 912 $a000006652 951 $aE-0020$b35961$cNAVA3 996 $aLineamenti del processo civile di cognizione$9694093 997 $aUNIPARTHENOPE